Jugadas maestras

محفوظ في:
التفاصيل البيبلوغرافية
المؤلف الرئيسي: Brown, Paul B (مؤلف)
التنسيق: كتاب
اللغة:الإسبانية
منشور في: Barcelona Norma 1989
الطبعة:1a. ed
الموضوعات:
الوسوم: إضافة وسم
لا توجد وسوم, كن أول من يضع وسما على هذه التسجيلة!

MARC

LEADER 00000cam a2200000 a 4500
001 UCD6404
003 CL-VaPUC
008 161209e19890000sp |||||||||||||||||spa|d
020 |a 9580408734 
082 0 4 |a 658.8  |b BRO  |2 21 
100 0 |a Brown, Paul B  |e author  |9 590243 
245 1 0 |a Jugadas maestras 
250 |a 1a. ed 
300 |a 189 p 
942 |c BK 
945 |d 20161209 23:21:00  |a dcastane 
260 |a Barcelona  |b Norma  |c 1989 
650 0 |a Marketing  |9 259324 
650 7 |a CASOS PRACTICOS  |2 CL-VaPUC  |9 427568 
583 |a last modification  |c 20161209 23:21:00  |k Rodrigo Vera 
999 |c 366755  |d 366753